000 00594nam a2200205Ia 4500
008 131103s9999 xx 000 0 und d
020 _a0 19 919061 5
040 _aLoreto College
041 _aEnglish
082 _a907/GAR
_bLCBED/11307
100 _aGarvey, Brian
245 _aModels of history teaching in the secondary school
_cBrian Garvey & Mary Krung
260 _aOxford
_bOxford University Press
_c1989
300 _a192p.
_c 20cm.
440 _aOxford studies in education
650 _aHistory
700 _aKrug, Mary
850 _aLCBED/907/GARKARUG, mARY
942 _cBK
999 _c29135
_d79614